000 01332nam a22002417a 4500
999 _c21218
_d21218
003 AR-CdUCM
008 190307b ||||| |||| 00| 0 spa d
040 _aMUNICIPALIDAD PROVINCIAL DEL CUSCO
_cBIBLIOTECA MUNICIPAL DEL CUSCO
082 _a338.985 / P26
_bP26
100 _aParra Argandoña, Hamilton
_944306
245 _aDiagnostico socio territorial y cultural de la ciudad de Yurimaguas, provincia de Alto Amazonas Departamento de Loreto /
260 _aCusco :
_bGustavo Impresores,
_c2018.
300 _a101 páginas ;
_c20 cm.
505 _aContenido: Diversos ciclos económicos han influenciado en el crecimiento poblacional y la cultura de la ciudad -- Limitada cobertura del seguro de Salud intensifica la deficiencia implementación del servicio -- Limitada calidad de la oferta educativa dificulta el acceso competitivo al mercado laboral -- Débil institucionalidad no contribuye a una eficiente gestión del desarrollo urbano.
650 _aGobiernos regionales - Administración - Economía
_912705
650 _aAdministración pública - Perú
_912706
650 _aProyectos de desarrollo económico
_98359
650 _aEstudio de casos - Cusco - Proyectos de desarrollo económico
_912707
650 _aDesarrollo Urbano
_914520
650 _aAmazonía
_93433
942 _2ddc
_cLIBROS
945 _aRoel